000 00356nam a2200157Ia 4500
003 OSt
005 20240123160340.0
008 170523s9999 xx 000 0 und d
020 _a935161011X
040 _ciimt university meerut
100 _aKAPOOR- VK
245 0 _aOPERATION RESEARCH
260 _bDELHI SULTAN CHAND
260 _c2000
942 _2ddc
_c02
999 _c75
_d75